000 00318nam a2200133Ia 4500
005 20251222154412.0
008 251222s9999||||xx |||||||||||||| ||spa||
020 _a84-376-0627-6
082 _a868.6/D75
100 _a"Diego, Gerardo"
245 0 _aManual de espumas. Versos humanos
250 _a3a.ed
942 _cLIB
999 _c35692
_d35692